MLB Perfect Games - Statistics

General Stats
  • This quiz has been taken 10 times
    6 since last reset
  • The average score is 8 of 23
Answer Stats
Year, Team Pitcher % Correct
2023, New York Yankees Domingo German
80%
2012, Seattle Mariners Félix Hernández
80%
2010, Philadelphia Phillies Roy Halladay
80%
1999, New York Yankees David Cone
60%
2004, Arizona Diamondbacks Randy Johnson
60%
1965, Los Angeles Dodgers Sandy Koufax
60%
2010, Detroit Tigers* Armando Galarraga*
40%
1956, New York Yankees Don Larsen
40%
2009, Chicago White Sox Mark Buehrle
40%
2012, San Francisco Giants Matt Cain
40%
2012, Chicago White Sox Philip Humber
40%
1988, Cincinnati Reds Tom Browning
40%
1968, Oakland Athletics Catfish Hunter
20%
1904, Boston Americans Cy Young
20%
2010, Oakland Athletics Dallas Braden
20%
1998, New York Yankees David Wells
20%
1991, Montreal Expos Dennis Martinez
20%
1964, Philadelphia Phillies Jim Bunning
20%
1994, Texas Rangers Kenny Rogers
20%
1981, Cleveland Indians Len Barker
20%
1984, California Angels Mike Witt
20%
1908, Cleveland Naps Addie Joss
0%
1922, Chicago White Sox Charlie Robertson
0%
No matching quizzes found
Score Distribution
Percent of People with Each Score
Percentile by Number Answered
Your Score History
You have not taken this quiz since the last reset